|
|
|
|
| LEADER |
00884nab a2200253 i 4500 |
| 001 |
publ23880 |
| 005 |
20220329082614.0 |
| 008 |
220329s2022 hu o 0|| Magyar d |
| 022 |
|
|
|a 0017-6036
|
| 024 |
7 |
|
|a 32683069
|2 mtmt
|
| 040 |
|
|
|a SZTE Publicatio Repozitórium
|b hun
|
| 041 |
|
|
|a Magyar
|
| 100 |
1 |
|
|a Gajdács Márió
|
| 245 |
1 |
2 |
|a A cisztás fibrózis korszerű menedzsmentje I.
|h [elektronikus dokumentum] :
|b Epidemiológia, kórélettan, mikrobiológia /
|c Gajdács Márió
|
| 260 |
|
|
|c 2022
|
| 300 |
|
|
|a 59-66
|
| 490 |
0 |
|
|a GYÓGYSZERÉSZET
|v 66 No. 2
|
| 650 |
|
4 |
|a Klinikai orvostan
|
| 700 |
0 |
1 |
|a Fehér Marianna
|e aut
|
| 700 |
0 |
1 |
|a Szarvas Nikolett
|e aut
|
| 700 |
0 |
1 |
|a Imgrund Edvárd
|e aut
|
| 700 |
0 |
1 |
|a Rektenwald Gábor
|e aut
|
| 700 |
0 |
2 |
|a Zsoldiné Urbán Edit
|e aut
|
| 856 |
4 |
0 |
|u http://publicatio.bibl.u-szeged.hu/23880/1/2022.03.22.945MicrosoftLens.pdf
|z Dokumentum-elérés
|